Mort Subite - Kpop Artistes de HYBE Labels - Statistiques

Statistiques générales
  • Ce quiz a été pris 762 fois
  • Le résultat moyen est 9 sur 12
Answers on the Grid
Answers color-coded by a green-red scale on the quiz's grid according to % correct below.
TXT
Unis
BTS
Everglow
Zico
Le Sserafim
Exo
BigBang
GFriend
BoyNextDoor
TWS
Itzy
Seventeen
Riize
Illit
Katseye
Ive
&Team
Twice
Enhypen
 
Statistiques - réponses
Réponse % Correct
BTS
90%
Enhypen
86%
TXT
86%
Katseye
85%
Le Sserafim
84%
Illit
78%
Seventeen
74%
BoyNextDoor
66%
TWS
62%
&Team
59%
Zico
50%
GFriend
48%
Aucun quiz correspondant
Distribution des résultats
% des personnes avec chaque résultat
Percentile par nombre de réponses
Votre historique - résultats
Vous n’avez pas pris ce quiz